<?xml version="1.0" encoding="UTF-8"?>
<record
    xmlns:xsi="http://www.w3.org/2001/XMLSchema-instance"
    xsi:schemaLocation="http://www.loc.gov/MARC21/slim http://www.loc.gov/standards/marcxml/schema/MARC21slim.xsd"
    xmlns="http://www.loc.gov/MARC21/slim">

  <leader>01130nab a22002417a 4500</leader>
  <controlfield tag="005">20180803170425.0</controlfield>
  <controlfield tag="008">170922b2010    ck |||||r|||| 00| 0 spa d</controlfield>
  <datafield tag="040" ind1=" " ind2=" ">
    <subfield code="a">CO-BoIAVH</subfield>
    <subfield code="c">CO-BoIAVH</subfield>
  </datafield>
  <datafield tag="041" ind1=" " ind2=" ">
    <subfield code="a">spa</subfield>
  </datafield>
  <datafield tag="044" ind1=" " ind2=" ">
    <subfield code="a">ck</subfield>
  </datafield>
  <datafield tag="100" ind1="1" ind2=" ">
    <subfield code="a">Andrade, Germ&#xE1;n I.</subfield>
    <subfield code="e">autor</subfield>
    <subfield code="9">100325</subfield>
  </datafield>
  <datafield tag="245" ind1="1" ind2="0">
    <subfield code="a">Tipos, modos de regeneraci&#xF3;n y gobernanza del conocimiento para la gesti&#xF3;n de la biodiversidad</subfield>
  </datafield>
  <datafield tag="246" ind1="1" ind2="3">
    <subfield code="a">Types, modes of production and knowledge governance for biodiversity management</subfield>
  </datafield>
  <datafield tag="260" ind1=" " ind2=" ">
    <subfield code="a">Bogot&#xE1; (Colombia) : </subfield>
    <subfield code="b">Pontificia Universidad Javeriana. IDEADE-DET,</subfield>
    <subfield code="c">2010.</subfield>
  </datafield>
  <datafield tag="300" ind1=" " ind2=" ">
    <subfield code="a">p.</subfield>
  </datafield>
  <datafield tag="520" ind1=" " ind2=" ">
    <subfield code="a">Se presentan elementos conceptuales de una reflexi&#xF3;n sobre la interfaz Ciencia-Pol&#xED;tica en el manejo de la biodiversidad en Colombia.</subfield>
  </datafield>
  <datafield tag="650" ind1="2" ind2="4">
    <subfield code="a">Gesti&#xF3;n de la biodiversidad</subfield>
    <subfield code="9">84785</subfield>
  </datafield>
  <datafield tag="650" ind1="2" ind2="4">
    <subfield code="a">Ciencia interactiva</subfield>
    <subfield code="9">84786</subfield>
  </datafield>
  <datafield tag="650" ind1="2" ind2="4">
    <subfield code="a">Redes de conocimiento</subfield>
    <subfield code="9">84787</subfield>
  </datafield>
  <datafield tag="700" ind1="1" ind2=" ">
    <subfield code="a">Wills Herrera, Eduardo</subfield>
    <subfield code="e">autor</subfield>
    <subfield code="9">22738</subfield>
  </datafield>
  <datafield tag="773" ind1="0" ind2=" ">
    <subfield code="0">17523</subfield>
    <subfield code="9">29367</subfield>
    <subfield code="a">Pontificia Universidad Javeriana:</subfield>
    <subfield code="d">Colombia: Universidad Javeriana Ideade-det, 2002-</subfield>
    <subfield code="o">029730</subfield>
    <subfield code="t">Ambiente y Desarrollo</subfield>
    <subfield code="x">0121-7607</subfield>
    <subfield code="g">p&#xE1;ginas 56-75</subfield>
  </datafield>
  <datafield tag="942" ind1=" " ind2=" ">
    <subfield code="2">z</subfield>
    <subfield code="c">ARTICULO</subfield>
  </datafield>
  <datafield tag="999" ind1=" " ind2=" ">
    <subfield code="c">19851</subfield>
    <subfield code="d">19851</subfield>
  </datafield>
</record>
